| 000 | 00784nam a2200217 a 4500 | ||
|---|---|---|---|
| 001 | 1958 | ||
| 003 | CDMR | ||
| 005 | 20151016134802.0 | ||
| 008 | 130130s1969||||||||||||||||||||||||||||d | ||
| 040 |
_aCDMR _bcat _cCDMR |
||
| 111 | 2 |
_aCurso de Periodismo de la Universidad Menéndez Pelayo _cSantander _d1968 _n22º _91463 |
|
| 245 | 1 | 3 | _aLa concentración en los medios informativos y publicitarios |
| 260 |
_aMadrid _c1969 _bPublicaciones de la Escuela Oficial de Periodismo |
||
| 300 |
_a141 p ; _c24 cm |
||
| 490 | 0 |
_aPublicaciones Escuela Ofical de Periodismo _v2 |
|
| 650 | 0 | 4 |
_91465 _aEmpresa informativa |
| 650 | 0 | 4 |
_94324 _aPublicitat _xAspectes econòmics |
| 650 | 0 | 4 |
_94123 _aConcentració industrial |
| 710 | 2 |
_94393 _aUniversidad Internacional Menéndez Pelayo |
|
| 942 |
_cMON _2udc |
||
| 999 |
_c1958 _d1958 |
||